Countries on the Equator - Statistics

General Stats
  • This quiz has been taken 18 times
  • The average score is 9 of 11
Answer Stats
Country % Correct
Brazil
100%
Ecuador
100%
Colombia
87%
D. R. Congo
87%
Indonesia
87%
Kenya
80%
Republic of the Congo
80%
Gabon
67%
Somalia
67%
Uganda
67%
Sao Tome and Principe
33%
No matching quizzes found
Score Distribution
Percent of People with Each Score
Percentile by Number Answered
Your Score History
You have not taken this quiz